Artículos científicos posgrado 2002 / (Record no. 219754)
[ view plain ]
| 000 -CABECERA | |
|---|---|
| campo de control de longitud fija | 00936nam a2200217 a 4500 |
| 003 - IDENTIFICADOR DEL NÚMERO DE CONTROL | |
| campo de control | OSt |
| 005 - FECHA Y HORA DE LA ÚLTIMA TRANSACCIÓN | |
| campo de control | 20240412103136.0 |
| 008 - DATOS DE LONGITUD FIJA--INFORMACIÓN GENERAL | |
| campo de control de longitud fija | 240412s2003 mx ||||| |||| 001 0 spa d |
| 040 ## - FUENTE DE LA CATALOGACIÓN | |
| Normas de descripción | rda |
| Centro/agencia transcriptor | CHAP |
| 082 00 - NÚMERO DE LA CLASIFICACIÓN DECIMAL DEWEY | |
| Número de edición | 22 |
| Número de clasificación | 630.72 |
| Número de documento/Ítem | A79 |
| 245 00 - MENCIÓN DE TÍTULO | |
| Título | Artículos científicos posgrado 2002 / |
| Mención de responsabilidad, etc. | por Coordinación General de Estudios de Posgrado. |
| 250 ## - MENCIÓN DE EDICIÓN | |
| Mención de edición | Primera edición |
| 264 #1 - PRODUCCIÓN, PUBLICACIÓN, DISTRIBUCIÓN, FABRICACIÓN Y COPYRIGHT | |
| Producción, publicación, distribución, fabricación y copyright | Chapingo, México : |
| Nombre del de productor, editor, distribuidor, fabricante | UACH., |
| Fecha de producción, publicación, distribución, fabricación o copyright | 2003. |
| 300 ## - DESCRIPCIÓN FÍSICA | |
| Extensión | 108 páginas. |
| 520 ## - SUMARIO, ETC. | |
| Sumario, etc. | Este compendio contiene los resúmenes en español e inglés de los artículos científicos de las tesis de posgrado durante 2002 por estudiantes de los diferentes programas de maestría y doctorado de la Universidad Autónoma Chapingo. |
| 650 #4 - PUNTO DE ACCESO ADICIONAL DE MATERIA--TÉRMINO DE MATERIA | |
| 9 (RLIN) | 114563 |
| Término de materia o nombre geográfico como elemento de entrada | Trabajos científicos |
| Subdivisión general | Resúmenes |
| 650 #4 - PUNTO DE ACCESO ADICIONAL DE MATERIA--TÉRMINO DE MATERIA | |
| 9 (RLIN) | 139359 |
| Término de materia o nombre geográfico como elemento de entrada | Agricultura |
| Subdivisión general | Investigación |
| 650 #4 - PUNTO DE ACCESO ADICIONAL DE MATERIA--TÉRMINO DE MATERIA | |
| 9 (RLIN) | 170444 |
| Término de materia o nombre geográfico como elemento de entrada | UACh |
| Subdivisión general | Posgrado |
| 710 2# - PUNTO DE ACCESO ADICIONAL--NOMBRE DE ENTIDAD CORPORATIVA | |
| 9 (RLIN) | 115848 |
| Nombre de entidad corporativa o nombre de jurisdicción como elemento de entrada | UACH. Coordinación de Estudios de Postgrado |
| 942 ## - ELEMENTOS DE PUNTO DE ACCESO ADICIONAL (KOHA) | |
| Fuente del sistema de clasificación o colocación | Dewey Decimal Classification |
| Tipo de ítem Koha | Libro |
| Estado de retiro | Estado de pérdida | Fuente del sistema de clasificación o colocación | Estado dañado | Restricciones de uso | No para préstamo | Código de colección | Localización permanente | Ubicación/localización actual | Ubicación en estantería | Fecha de adquisición | Total de préstamos | Signatura topográfica completa | Código de barras | Fecha visto por última vez | Precio válido a partir de | Tipo de ítem Koha |
|---|---|---|---|---|---|---|---|---|---|---|---|---|---|---|---|---|
| Dewey Decimal Classification | Préstamo interno | Publicaciones UACh | Biblioteca Central | Biblioteca Central | Planta alta - Área de Tesis - UACh | 12/04/2024 | 630.72 A79 | 33724002585434 | 12/04/2024 | 12/04/2024 | Libro |
